00326pam a2200145a 44500008004100000020000900041041000800050082000800058100001800066245004100084250000800125260003000133300000800163650000900171230515b1901 xxu||||| |||| 00| 0 eng d aNULL aENG a611 achaurasia B D aB D chaurasias Human Anatomy2 4th ed a4th aNULLb"C B S, nd, "c1901 a430 aNULL